000 00768cam a2200241 a 4500
001 000019634
005 20200929170102.0
008 860227s1968 sp 000 d spa d
040 _aDO-SdBNP
_cCarP
_dDLC
_dBNPHU
082 _a862.3
_bL579p, 1968
100 1 _aLeón, Luis de,
_d1527-1591.
_934602
245 1 3 _aLa perfecta casada. /
_cFray Luis de León.
250 _a9a ed.
260 _aMadrid :
_bEspasa-Calpe,
_c1968.
300 _a152, [16] p. ;
_c18 cm.
490 1 _aAustral. Gris: clásicos
_v51
650 4 _aTeatro español
_93071
650 4 _aLiteratura española
_ySIGLO XVI
_98688
650 4 _aMatrimonio
_yEarly works to 1800.
_942083
830 0 _aAustral ;
_pGris: clásicos.
_v51
_98199
910 _aCatalogación derivada / LC
049 _aBNGR
999 _c19150
_d19150